000234667 001__ 234667
000234667 005__ 20221001000458.0
000234667 0247_ $$2EXP:(Ds200)$$aEXP:(DE-Ds200)E132-20200803
000234667 035__ $$aEXP:(DE-Ds200)E132-20200803
000234667 150__ $$aE132: Electron Emission following 1s Adiabatic Ionization and Quasi-resonant 1s-1s Charge Transfer in Symmetric Heavy-Ion Atom Collisions  (POF3-6211; ESR)
000234667 371__ $$aHagmann
000234667 450__ $$0EXP:(DE-Ds200)ESR-20200803$$aESR$$wt
000234667 450__ $$aE132$$wd
000234667 750_7 $$0V:(DE-HGF)12$$2V:(DE-HGF)$$aExperiment
000234667 751_7 $$2DE-HGF$$aIGN_4_I:(DE-H253)HAS-User-20120731 [DESY]
000234667 751_7 $$2DE-HGF$$aIGN_4_DESY [DESY]
000234667 751_7 $$2DE-HGF$$aIGN_4_DKFZ [DKFZ]
000234667 751_7 $$2DE-HGF$$aIGN_4_IMPULSE
000234667 751_7 $$2DE-HGF$$aIGN_4_DZNE [DZNE]
000234667 909CO $$ooai:repository.gsi.de:234667$$pauthority:Experiment$$pauthority
000234667 980__ $$aEXPERIMENT
000234667 980__ $$aAUTHORITY